| 000 | 00503nam a22001817a 4500 | ||
|---|---|---|---|
| 005 | 20200207123811.0 | ||
| 008 | 161006b xxu||||| |||| 00| 0 spa d | ||
| 041 | _aeng | ||
| 082 | _a428 G558o | ||
| 100 |
_aGlendinning, Eric _925181 |
||
| 245 | _aOxford English for electronics | ||
| 260 |
_aEstados Unidos _bOxford University Press _c1993 |
||
| 300 | _a44 páginas | ||
| 650 |
_aELECTRÓNICA _91815 |
||
| 650 |
_aINGLÉS ENSEÑANZA _91244 |
||
| 650 |
_aINGLÉS PARA ELECTRÓNICA _925182 |
||
| 942 | _cBK | ||
| 999 |
_c8495 _d8495 |
||